000 00390nam a22001457a 4500
003 OSt
008 260325b |||||||| |||| 00| 0 eng d
020 _a8175310952
082 _a370.954 DHB
100 _aDHARAMPAL
245 _aThe Beautiful Tree Indigenous Indian education in the 18th Century
260 _aBengaluru
_b Rashtrotthana Sahitya
_c2025
300 _a437p
942 _2ddc
_cREF
999 _c13898
_d13898